Краткое описание некоторых железнодорожных мастерских и заводов Бельгии и Франции, а также Международной промышленной выставки в Брюсселе в 1888 году

Detalles Bibliográficos
Autor Principal: Вроблевский С. А.
Summary:На пер. авт. и загл. не указаны
Текст в русской дореформенной орфографии
Idioma:ruso
Publicado: Санкт-Петербург, Типография А. О. Башкова, 1890
Subjects:
Formato: MixedMaterials Libro
KOHA link:https://koha.lib.tpu.ru/cgi-bin/koha/opac-detail.pl?biblionumber=306520

MARC

LEADER 00000nam0a2200000 4500
001 306520
005 20231102001913.0
035 |a (RuTPU)RU\TPU\book\331797 
090 |a 306520 
100 |a 20151008d1890 m y0rusy50 ca 
101 0 |a rus 
102 |a RU 
105 |a a z 000zy 
200 1 |a Краткое описание некоторых железнодорожных мастерских и заводов Бельгии и Франции, а также Международной промышленной выставки в Брюсселе в 1888 году  |f С. А. Вроблевский 
210 |a Санкт-Петербург  |c Типография А. О. Башкова  |d 1890 
215 |a 68 с., [18] вкл. л.  |c ил. 
300 |a На пер. авт. и загл. не указаны 
300 |a Текст в русской дореформенной орфографии 
316 |5 63413507: М-132947  |a На титульном листе, некоторых страницах и вкладных листах штамп-экслибрис 
317 |5 63413507: М-132947  |a Поступила в НТБ в 1970 г. в составе книжного собрания профессора ТПИ И. Н. Бутакова 
606 1 |a Железные дороги  |x История  |2 stltpush  |3 (RuTPU)RU\TPU\subj\10441  |9 37513 
610 1 |a Бельгия 
610 1 |a Франция 
610 1 |a мастерские 
610 1 |a заводы 
610 1 |a промышленные выставки 
610 1 |a Брюссель 
610 1 |a владельческие знаки 
610 1 |a библиотека И. Н. Бутакова 
675 |a 625.1  |v 4 
700 1 |a Вроблевский  |b С. А. 
801 1 |a RU  |b 63413507  |c 20151008 
801 2 |a RU  |b 63413507  |c 20190829  |g RCR 
942 |c BK